Music Quiz

Random Music or Song Quiz

Chameleon Circuit-An Awful Lot of Running Quiz Stats

 Plays Quiz not verified by Sporcle

Support Sporcle.
Go Orange.
Score 0/285 Timer 07:00
0 Plays Today
% Correct
an
100%
an
100%
an
100%
and
86.2%
run
86.2%
the
86.2%
and
86.2%
the
86.2%
and
86.2%
and
86.2%
and
86.2%
lot
86.2%
of
86.2%
running
86.2%
and
86.2%
the
86.2%
and
86.2%
the
86.2%
and
86.2%
and
86.2%
and
86.2%
lot
86.2%
of
86.2%
running
86.2%
and
86.2%
the
86.2%
and
86.2%
the
86.2%
and
86.2%
the
86.2%
and
86.2%
and
86.2%
and
86.2%
lot
86.2%
of
86.2%
running
86.2%
to
82.8%
to
82.8%
to
82.8%
awful
82.8%
to
82.8%
do
82.8%
to
82.8%
awful
82.8%
to
82.8%
do
82.8%
to
82.8%
awful
82.8%
to
82.8%
do
82.8%
you
79.3%
you
79.3%
you
79.3%
you
79.3%
as
75.9%
as
75.9%
I
75.9%
I
75.9%
I
75.9%
I
75.9%
I
75.9%
I
75.9%
as
75.9%
as
75.9%
I
75.9%
I
75.9%
I
75.9%
I
75.9%
I
75.9%
I
75.9%
he
72.4%
like
72.4%
through
72.4%
time
72.4%
in
72.4%
he
72.4%
me
72.4%
life
72.4%
me
72.4%
so
72.4%
so
72.4%
he
72.4%
so
72.4%
so
72.4%
planets
72.4%
time
72.4%
he
72.4%
me
72.4%
in
72.4%
we
72.4%
through
72.4%
so
72.4%
be
72.4%
life
72.4%
we
72.4%
% Correct
so
72.4%
so
72.4%
he
72.4%
so
72.4%
so
72.4%
planets
72.4%
that
72.4%
so
72.4%
so
72.4%
he
72.4%
so
72.4%
so
72.4%
planets
72.4%
is
69%
but
69%
out
69%
for
69%
don't
69%
for
69%
but
69%
don't
69%
but
69%
but
69%
was
69%
world
69%
got
69%
galaxies
69%
don't
69%
was
69%
but
69%
was
69%
world
69%
got
69%
galaxies
69%
but
69%
was
69%
world
69%
got
69%
galaxies
69%
fire
65.5%
burning
65.5%
old
65.5%
forever
65.5%
his
65.5%
his
65.5%
said
65.5%
your
65.5%
know
65.5%
why
65.5%
never
65.5%
ask
65.5%
him
65.5%
his
65.5%
think
65.5%
he'd
65.5%
told
65.5%
anyway
65.5%
said
65.5%
change
65.5%
much
65.5%
see
65.5%
moons
65.5%
a
65.5%
gave
65.5%
a
65.5%
key
65.5%
a
65.5%
a
65.5%
galaxy
65.5%
never
65.5%
any
65.5%
said
65.5%
change
65.5%
much
65.5%
see
65.5%
moons
65.5%
know
65.5%
said
65.5%
change
65.5%
much
65.5%
see
65.5%
moons
65.5%
name
64.3%
prime
62.1%
saw
62.1%
spaceship
62.1%
thought
62.1%
have
62.1%
could
62.1%
I've
62.1%
there's
62.1%
we've
62.1%
companion
62.1%
this
62.1%
just
62.1%
% Correct
my
62.1%
I've
62.1%
have
62.1%
it
62.1%
could
62.1%
I've
62.1%
there's
62.1%
we've
62.1%
just
62.1%
could
62.1%
I've
62.1%
there's
62.1%
we've
62.1%
blue
58.6%
materialize
58.6%
really
58.6%
truth
58.6%
that's
58.6%
ok
58.6%
it's
58.6%
completely
58.6%
it's
58.6%
brilliant
58.6%
many
58.6%
places
58.6%
more
58.6%
with
58.6%
vortex
58.6%
dream
58.6%
cause
58.6%
way
58.6%
it's
58.6%
completely
58.6%
it's
58.6%
brilliant
58.6%
many
58.6%
places
58.6%
more
58.6%
it's
58.6%
completely
58.6%
it's
58.6%
brilliant
58.6%
many
58.6%
places
58.6%
more
58.6%
been
55.2%
full
55.2%
every
55.2%
felt
55.2%
free
55.2%
please
55.2%
another
55.2%
before
55.2%
been
55.2%
every
55.2%
day
55.2%
been
55.2%
been
55.2%
terrifying
51.7%
exciting
51.7%
phone
51.7%
signal
51.7%
fell
51.7%
let
51.7%
danger
51.7%
terrifying
51.7%
exciting
51.7%
terrifying
51.7%
exciting
51.7%
fast
48.3%
looked
48.3%
happier
48.3%
although
48.3%
face
48.3%
death
48.3%
binary
48.3%
binary
48.3%
binary
48.3%
binary
48.3%
binary
48.3%
binary
48.3%
unreasonably
44.8%
mundane
44.8%
wouldn't
44.8%
other
44.8%
can
44.8%
chameleon
44.8%
circuit
44.8%
fix
41.4%
if
37.9%
try
37.9%
fragment
37.9%
links
37.9%
hotwiring
34.5%
superseding
27.6%

You're not logged in!

Compare scores with friends on all Sporcle quizzes.
OR
Log In

From the Vault

Movies by Plot II

by enough

Why spend $10 at the movies when we can provide all the plot you need right here?
Remove Ads.
Support Sporcle.
Get the best of Sporcle when you Go Orange. This ad-free experience offers more features, more stats, and more fun while also helping to support Sporcle. Thank you for becoming a member.

Show Comments

Extras

Created Jan 22, 2016ReportNominate
Tags:Song Quiz, Awful, circuit, Running

Top Quizzes Today


Score Distribution

Your Account Isn't Verified!

In order to create a playlist on Sporcle, you need to verify the email address you used during registration. Go to your Sporcle Settings to finish the process.

Report this User

Report this user for behavior that violates our Community Guidelines.

Details: